All TXT songs - Statistics

General Stats
  • This quiz has been taken 363 times
  • The average score is 44 of 66
Answer Stats
Album TXT Songs % Correct
The Name Chapter: FREEFALL Back For More (TXT Ver.)
90%
Back For More (with Anitta) Back For More (with Anitta)
90%
minisode 2: Thursday's Child Good Boy Gone Bad
89%
The Name Chapter: TEMPTATION Sugar Rush Ride
87%
minisode1: Blue Hour Blue Hour
86%
The Name Chapter: FREEFALL Chasing That Feeling
86%
Do It Like That Do It Like That (feat. Jonas Brothers)
86%
The Dream Chapter: STAR Cat & Dog
84%
The Dream Chapter: STAR CROWN
84%
The Name Chapter: TEMPTATION Devil by the Window
81%
The Dream Chapter: ETERNITY Drama
81%
The Chaos Chapter: FREEZE Magic
81%
The Chaos Chapter: FIGHT OR ESCAPE LOSER=LOVER
79%
The Dream Chapter: ETERNITY PUMA
77%
The Dream Chapter: MAGIC 9 and Three Quarters (Run Away)
76%
PS5 PS5
76%
minisode 2: Thursday's Child Thursday's Child Has Far To Go
76%
The Name Chapter: TEMPTATION Tinnitus (wanna be a rock)
76%
The Name Chapter: TEMPTATION Farewell, Neverland
75%
The Dream Chapter: ETERNITY Eternally
74%
minisode 2: Thursday's Child Lonely Boy (the tattoo on my ring finger)
74%
The Name Chapter: FREEFALL Dreamer
72%
The Name Chapter: FREEFALL Growing Pain
72%
The Name Chapter: FREEFALL Skipping Stones
72%
Valley of Lies Valley of Lies (feat. iann dior)
72%
The Dream Chapter: STAR Blue Orangeade
71%
The Dream Chapter: ETERNITY Can't You See Me?
71%
The Chaos Chapter: FREEZE Frost
71%
minisode 2: Thursday's Child Opening Sequence
71%
Ring Ring
71%
The Name Chapter: TEMPTATION Happy Fools (feat. Coi Leray)
70%
The Dream Chapter: STAR Nap of a star
70%
minisode1: Blue Hour We Lost The Summer
69%
The Name Chapter: FREEFALL Blue Spring
68%
The Chaos Chapter: FREEZE Ice Cream
68%
Free Falling Free Falling
67%
The Dream Chapter: STAR Our Summer
67%
EYES (from "Armored Saurus") EYES
66%
The Chaos Chapter: FREEZE No Rules
66%
The Name Chapter: FREEFALL Deep Down
65%
minisode1: Blue Hour Ghosting
65%
The Dream Chapter: MAGIC New Rules
65%
The Dream Chapter: MAGIC 20cm
64%
The Chaos Chapter: FIGHT OR ESCAPE MOA Diary
64%
minisode 2: Thursday's Child Trust Fund Baby
64%
minisode1: Blue Hour Wishlist
64%
The Dream Chapter: ETERNITY Fairy of Shampoo
63%
The Name Chapter: FREEFALL Happily Ever After
63%
The Dream Chapter: MAGIC Magic Island
63%
The Dream Chapter: MAGIC Angel or Devil
62%
The Dream Chapter: MAGIC Roller Coaster
61%
Goodbye Now (Love Revolution) Goodbye Now
59%
The Chaos Chapter: FREEZE Anti-Romantic
58%
The Chaos Chapter: FREEZE Dear Sputnik
57%
Chaotic Wonderland Ito
57%
The Dream Chapter: ETERNITY Maze In The Mirror
57%
The Dream Chapter: MAGIC Poppin' Star
57%
The Chaos Chapter: FREEZE 0X1=LOVESONG (I Know I Love You) feat. Seori
56%
minisode1: Blue Hour Way Home
56%
The Chaos Chapter: FREEZE What if I had been that PUMA
55%
The Dream Chapter: MAGIC Can't We Just Leave the Monster Alive?
52%
GOOD BOY GONE BAD Hitori no Yoru
36%
Doom at Your Service (Original Sound Track) Love Sight
34%
STILL DREAMING Force
33%
DRAMA Everlasting Shine
31%
Live On (Original Sound Track) Your Light
28%
No matching quizzes found
Score Distribution
Percent of People with Each Score
Percentile by Number Answered
Your Score History
You have not taken this quiz